BIBLIOTECA

SENCICO

Problemas resueltos de Geodesia y Topografía (Registro nro. 591)

Detalles MARC
000 -LEADER
fixed length control field 00540nam a2200229Ia 4500
005 - DATE AND TIME OF LATEST TRANSACTION
control field 20251020182443.0
008 - FIXED-LENGTH DATA ELEMENTS--GENERAL INFORMATION
fixed length control field 200515s9999 xx 000 0 und d
020 ## - INTERNATIONAL STANDARD BOOK NUMBER
International Standard Book Number 84-87708-50-1
082 ## - DEWEY DECIMAL CLASSIFICATION NUMBER
Classification number 528.86/R94
100 ## - MAIN ENTRY--PERSONAL NAME
Personal name Ruiz Morales, Mario
245 #0 - TITLE STATEMENT
Title Problemas resueltos de Geodesia y Topografía
260 ## - PUBLICATION, DISTRIBUTION, ETC.
Place of publication, distribution, etc. Granada
260 ## - PUBLICATION, DISTRIBUTION, ETC.
Name of publisher, distributor, etc. COMARES
260 ## - PUBLICATION, DISTRIBUTION, ETC.
Date of publication, distribution, etc. 1992
300 ## - PHYSICAL DESCRIPTION
Extent 582 p.
300 ## - PHYSICAL DESCRIPTION
Other physical details il., tbl., graf., fot.
500 ## - GENERAL NOTE
General note 1 ejemplar
650 ## - SUBJECT ADDED ENTRY--TOPICAL TERM
Topical term or geographic name entry element GEODESIA
650 ## - SUBJECT ADDED ENTRY--TOPICAL TERM
Topical term or geographic name entry element TOPOGRAFIA
942 ## - ADDED ENTRY ELEMENTS (KOHA)
Koha item type Libros
Existencias
Fecha de la última vez que lo usaron Pago total Signatura topográfica completa Código de barras Precio efectivo desde Tipo de documento Estado perdido Estado dañado No es para préstamo Retirado Ubicación permanente Ubicación actual Fecha de adquisición
15/05/2020   528.86/R94 Bib-Lima15050591 15/05/2020 Libros         Biblioteca Central Lima Biblioteca Central Lima 15/05/2020